One, Two...not Three VI Quiz Stats

 Plays Quiz Updated Jun 15, 2018

Challenge
Share
Tweet
Embed
Score 0/37 Timer 12:00
7 Plays Today
% Correct
Months
92.1%
Clue(do) Weapons
91.2%
Military Branches
89.5%
Other Names for Tom
87.8%
Colors (Dark)
86.9%
Roman Emperors
86%
Kinds of Diving
84.4%
Indiana Cities
84.3%
Structural Connectors
81.8%
Family _____
79.5%
Shades of Blue
79.4%
Ninja Turtles Characters
78.4%
Carters
78.3%
Bradleys
76%
Late-Night TV Hosts (US)
74.4%
Words with Different Meanings in the UK | US
74.4%
Occupations (Medieval)
74.1%
Ants
73.4%
US State Demonyms
72%
% Correct
Orange _____
71.8%
Languages (Asian)
70.5%
Angels
70.3%
Palindromes
68.9%
Acronyms
68.8%
Television Programs in 1980 (Non-Stylized)
68.3%
Sums
66%
Wits
66%
Sands
64.3%
Spins
63.9%
Words Associated with Colts
61.5%
Guns
58.8%
Early Christians
58.6%
WWII Fighter Planes
56.7%
Magazines
54.5%
Friedmans
46%
Words Associated with Southern Methodist University
44.9%
Players
44.8%

You're not logged in!

Compare scores with friends on all Sporcle quizzes.
OR
Log In

You Might Also Like...

Show Comments

Extras

Top Quizzes Today


Score Distribution

Your Account Isn't Verified!

In order to create a playlist on Sporcle, you need to verify the email address you used during registration. Go to your Sporcle Settings to finish the process.

Report this User

Report this user for behavior that violates our Community Guidelines.

Details: